Исследование процесса пылеобразования и оптического метода контроля запыленности газа при сушке угольного концентрата: Диссертация на соискание ученой степени кандидата технических наук; Спец. 05.17.08

Detalles Bibliográficos
Autor Principal: Логачев А. П.
Autor Corporativo: Томский политехнический институт
Outros autores: Витюгин В. М. (научный руководитель)
Idioma:ruso
Publicado: Томск, 1974
Subjects:
Formato: MixedMaterials Libro
KOHA link:https://koha.lib.tpu.ru/cgi-bin/koha/opac-detail.pl?biblionumber=127445

MARC

LEADER 00000nbm0a2200000 4500
001 127445
005 20231031132242.0
035 |a (RuTPU)RU\TPU\book\137871 
090 |a 127445 
100 |a 20071214d1974 k y0rusy50 ca 
101 0 |a rus 
102 |a RU 
105 |a a m 001zy 
200 1 |a Исследование процесса пылеобразования и оптического метода контроля запыленности газа при сушке угольного концентрата  |e Диссертация на соискание ученой степени кандидата технических наук  |e Спец. 05.17.08  |f А. П. Логачев  |g Томский политехнический институт ; науч. рук. В. М. Витюгин 
210 |a Томск  |d 1974 
215 |a 205 л.  |c ил. 
320 |a Библиогр.: с.191-205 ( 161 назв.) 
610 1 |a концентраты 
610 1 |a уголь 
610 1 |a запыленность 
610 1 |a газ 
610 1 |a методы контроля 
610 1 |a пылеобразование 
610 1 |a сушка 
610 1 |a концентрация 
610 1 |a экспериментальные исследования 
610 1 |a экономический эффект 
610 1 |a расчет 
610 1 |a диссертации 
675 |a 622.411(048)  |v 3 
686 |a 05.17.08  |2 oksvnk 
700 1 |a Логачев  |b А. П. 
702 1 |a Витюгин  |b В. М.  |4 727 
712 0 2 |a Томский политехнический институт  |z 1944-1991  |2 stltpush  |3 (RuTPU)RU\TPU\col\1123 
801 1 |a RU  |b 63413507  |c 20071214  |g PSBO 
942 |c BK